Φορείς διαχείρισης προστατευόμενων περιοχών στην Ελλάδα : η περίπτωση του φορέα διαχείρισης του εθνικού πάρκου Σχινιά-Μαραθώνα
Αποθηκεύτηκε σε:
| Κύριος συγγραφέας: | |
|---|---|
| Συγγραφή απο Οργανισμό/Αρχή: | |
| Άλλοι συγγραφείς: | |
| Μορφή: | Thesis Βιβλίο |
| Γλώσσα: | Greek |
| Δημοσίευση: |
2009
|
| Θέματα: | |
| Διαθέσιμο Online: | http://hdl.handle.net/11610/15412 |
| Ετικέτες: |
Προσθήκη ετικέτας
Δεν υπάρχουν, Καταχωρήστε ετικέτα πρώτοι!
|
MARC
| LEADER | 00000cam a2200000 i 4500 | ||
|---|---|---|---|
| 001 | 1/8150 | ||
| 008 | 100608s2009 gre d | ||
| 035 | |l 10108147 | ||
| 040 | |a GR-MY-UA |b gre |e aacr | ||
| 041 | 0 | |a gre | |
| 082 | 0 | |a 333.72 |2 (22) | |
| 100 | 1 | |a Ρουβέλλας, Γεώργιος. | |
| 245 | 1 | 0 | |a Φορείς διαχείρισης προστατευόμενων περιοχών στην Ελλάδα : |b η περίπτωση του φορέα διαχείρισης του εθνικού πάρκου Σχινιά-Μαραθώνα / |c Ρουβέλλας Γεώργιος ; υπεύθυνος καθηγητής: Ν.Σ. Μάργαρης |
| 260 | |c 2009 | ||
| 300 | |a 59 σ.; |c 30 εκ. | ||
| 500 | |a Βιβλιογραφία: σ. 53-59 | ||
| 502 | |a Διατριβή (μεταπτυχιακή) – Πανεπιστήμιο Αιγαίου, Λέσβος, 2009. | ||
| 650 | 0 | |a National parks and reserves |z Greece |z Marathon. | |
| 650 | 0 | |a Protected areas |z Greece |z Marathon. | |
| 650 | 0 | |a Protected areas |x Management |z Greece |z Marathon. | |
| 650 | 0 | 0 | |a National parks and reserves |x Management. |
| 650 | 0 | 0 | |a Dissertations, Academic |z Greece. |
| 700 | 1 | |a Μάργαρης, Νίκος Σ., |d 1943-2013. |4 ths | |
| 710 | 2 | |a Πανεπιστήμιο Αιγαίου |b Σχολή Περιβάλλοντος |b Τμήμα Περιβάλλοντος |b Πρόγραμμα Μεταπτυχιακών Σπουδών Γεωργία και Περιβάλλον. | |
| 852 | |a INST |b LESVOS |c DIATR |e 20100608 |h 323 |p 005100047688 |q 005100047688 |t MTXE |y 23 | ||
| 852 | |a INST |b LESVOS |c DIATR |e 20100608 |h 324 |p 005100047689 |q 005100047689 |t MTXE |y 23 | ||
| 856 | |u http://hdl.handle.net/11610/15412 | ||
| 901 | |a BIBL1-2010-2 | ||
| 909 | |a Λ |b 164589 | ||
| 909 | |a Λ |b 164590 | ||
| 924 | |a ΡΟΥΒΕΛΛΑΣ |b ΓΕΩΡΓΙΟΣ |y ΛΕΣΒΟΣ |z 2010-11 | ||
| 970 | |a ΤΖΑΦΕΡΗ |b ΕΥΑΓΓΕΛΙΑ |z 2010/06/08 | ||